<?xml version="1.0" encoding="UTF-8"?><?xml-stylesheet type="text/xsl" href="static/style.xsl"?><OAI-PMH xmlns="http://www.openarchives.org/OAI/2.0/" xmlns:xsi="http://www.w3.org/2001/XMLSchema-instance" xsi:schemaLocation="http://www.openarchives.org/OAI/2.0/ http://www.openarchives.org/OAI/2.0/OAI-PMH.xsd"><responseDate>2026-06-01T01:04:39Z</responseDate><request verb="GetRecord" identifier="oai:riuma.uma.es:10630/35231" metadataPrefix="marc">https://riuma.uma.es/rest/oai/request</request><GetRecord><record><header><identifier>oai:riuma.uma.es:10630/35231</identifier><datestamp>2026-02-03T10:49:24Z</datestamp><setSpec>com_10630_2254</setSpec><setSpec>col_10630_37953</setSpec></header><metadata><record xmlns="http://www.loc.gov/MARC21/slim" xmlns:dcterms="http://purl.org/dc/terms/" xmlns:doc="http://www.lyncode.com/xoai" xmlns:xsi="http://www.w3.org/2001/XMLSchema-instance" xsi:schemaLocation="http://www.loc.gov/MARC21/slim http://www.loc.gov/standards/marcxml/schema/MARC21slim.xsd">
   <leader>00925njm 22002777a 4500</leader>
   <datafield ind2=" " ind1=" " tag="042">
      <subfield code="a">dc</subfield>
   </datafield>
   <datafield ind2=" " ind1=" " tag="720">
      <subfield code="a">Peral Bolaños, Cristina</subfield>
      <subfield code="e">author</subfield>
   </datafield>
   <datafield ind2=" " ind1=" " tag="720">
      <subfield code="a">Baró Rodriguez, Luis</subfield>
      <subfield code="e">author</subfield>
   </datafield>
   <datafield ind2=" " ind1=" " tag="720">
      <subfield code="a">Carabaño Moral, Rosa</subfield>
      <subfield code="e">author</subfield>
   </datafield>
   <datafield ind2=" " ind1=" " tag="720">
      <subfield code="a">Martín Ruiz, María Victoria</subfield>
      <subfield code="e">author</subfield>
   </datafield>
   <datafield ind2=" " ind1=" " tag="720">
      <subfield code="a">Sanz Sanmartín, Esperanza</subfield>
      <subfield code="e">author</subfield>
   </datafield>
   <datafield ind2=" " ind1=" " tag="720">
      <subfield code="a">Ordóñez Navarro, Esther</subfield>
      <subfield code="e">author</subfield>
   </datafield>
   <datafield ind2=" " ind1=" " tag="720">
      <subfield code="a">Molina Conejo, Isabel María</subfield>
      <subfield code="e">author</subfield>
   </datafield>
   <datafield ind2=" " ind1=" " tag="720">
      <subfield code="a">García Buendía, Aránzazu</subfield>
      <subfield code="e">author</subfield>
   </datafield>
   <datafield ind2=" " ind1=" " tag="720">
      <subfield code="a">Llamas del Castillo, María Dolores</subfield>
      <subfield code="e">author</subfield>
   </datafield>
   <datafield ind2=" " ind1=" " tag="720">
      <subfield code="a">Martínez-Martínez, Fernando</subfield>
      <subfield code="e">author</subfield>
   </datafield>
   <datafield ind2=" " ind1=" " tag="720">
      <subfield code="a">Martín-Valero, Rocío</subfield>
      <subfield code="e">author</subfield>
   </datafield>
   <datafield ind2=" " ind1=" " tag="260">
      <subfield code="c">2023-04-14</subfield>
   </datafield>
   <datafield ind2=" " ind1=" " tag="520">
      <subfield code="a">Antecedentes: el uso de los inhaladores es algo complejo, con este trabajo en pacientes con EPOC debido a su complejidad, lo que se pretende es que tras la intervención de un farmacéutico se garanti-ce el uso adecuado de dichos medicamentos con el fin de mejorar la calidad de vida.Métodos: se citaba a los pacientes para la realiza-ción de una espirometría por parte de la enfermera y por otro lado la farmacéutica en una consulta valoraba el uso de los inhaladores y realizaba los test de adherencia y calidad de vida. A los tres meses los pacientes acudían a la segunda visita y la farmacéutica repetía el mismo el proceso para detectar los posibles cambios tras la intervención.Resultados: en aquellos pacientes que acudieron a las dos visitas se observó que había cambios estadísticamente significativos entre las puntuacio-nes de adherencia en la primera visita respecto a la segunda. La media de puntuaciones es mayor en la segunda visita (49,09) respecto a la primera (46,45), diferencia significativa con una p&lt;0,05. La calidad de vida era igual en ambas visitas y la media de errores en el uso de inhaladores en la segunda visi-ta (1,773) se reduce de forma significativa respecto a la media de errores en la primera visita (4,727).Conclusiones: la intervención de un farmacéutico en un equipo multidisciplinar para el seguimiento de pacientes EPOC ha resultado beneficiosa para dichos pacientes, sobre todo en cuanto al manejo de los inhaladores y la adherencia al tratamiento.</subfield>
   </datafield>
   <datafield ind1="8" ind2=" " tag="024">
      <subfield code="a">Intervención farmacéutica en el manejo de inhaladores con pacientes EPOC citados para una espirometría en un centro de salud. Cristina Peral Bolaños, Luis Baró Rodríguez, Rosa Carabaño Moral, María Victoria Martín Ruiz, Esperanza Sanz Sanmartin, Aranzazu Garcia Buendia, Maria Dolores Llamas Del Castillo, Fernando Martínez Martínez, Rocío Martín Valero. Pharmaceutical care España, ISSN 1139-6202, Vol. 25, Nº. 2 (MARZO-ABRIL· 2023), 2023, págs. 34-49</subfield>
   </datafield>
   <datafield ind1="8" ind2=" " tag="024">
      <subfield code="a">https://hdl.handle.net/10630/35231</subfield>
   </datafield>
   <datafield ind1="8" ind2=" " tag="024">
      <subfield code="a">10.60103/phc.v25i2.804</subfield>
   </datafield>
   <datafield tag="653" ind2=" " ind1=" ">
      <subfield code="a">Enfermedad pulmonar obstructiva crónica - Tratamiento</subfield>
   </datafield>
   <datafield tag="653" ind2=" " ind1=" ">
      <subfield code="a">Atención farmacéutica</subfield>
   </datafield>
   <datafield tag="653" ind2=" " ind1=" ">
      <subfield code="a">Medicamentos - Administración</subfield>
   </datafield>
   <datafield ind2="0" ind1="0" tag="245">
      <subfield code="a">Intervención farmacéutica en el manejo de inhaladores con pacientes EPOC citados para una espirometría en un centro de salud.</subfield>
   </datafield>
</record>
</metadata></record></GetRecord></OAI-PMH>